000 00857ngm a2200205 a 4500
005 20231114063541.0
008 991125s1999 mx 030 aaspa u
035 _aUPN01000044588
049 _aAV
050 4 _aPVI N 0789
245 0 4 _aLos pinceles de la historia :
_bel origen del reino de la Nueva España /
_cdir. y fot. Michael Vetter.
260 _aMéxico :
_bCanal 22 :
_bCNCA,
_c1999.
300 _a1 videocasete (VHS) (30 min.)
440 0 _aArtes visuales.
_pExposiciones
520 _aCrónica pictórica que incluye diversas piezas entre óleos, dibujos, acuarelas enconchadas, grabados, esculturas, estampas pertenecientes al período comprendido entre 1680-1750
650 4 _aPINTURA -
_xHISTORIA
_914782
651 4 _aMéxico
_xHistoria
_yDominación española, 1517-1821
_9227
700 1 _aVetter, Michael,
_edir.
905 _aAudiovisuales
999 _c44588
_d44588